| 000 | 00619nam a22001937a 4500 | ||
|---|---|---|---|
| 005 | 20140811124845.0 | ||
| 010 | _aB-506410-429 | ||
| 020 |
_a9788784953053 _c175.00 |
||
| 035 | _aB-506410-429 | ||
| 037 |
_aKBD/Ven _bdpl |
||
| 082 | _aN | ||
| 100 | _aVohra, Rishi | ||
| 245 |
_aOnce upon the tracks of mumbai / _cby Rishi Vohra |
||
| 260 |
_aMumbai _bJaico Publishers _c2012 |
||
| 270 |
_aA-2, Jash Chambers, 7-A Sir Pherozshah Mehta Road _bMumbai _e400001 |
||
| 300 |
_a266p. _c24cms(pbk) |
||
| 942 |
_2ddc _cEN _hN _mVOH |
||
| 999 |
_c87762 _d87762 |
||